Spanish Monarchs Quiz - Statistics

General Stats
  • This quiz has been taken 182 times
  • The average score is 7 of 10
Answer Stats
# Name % Correct
4 Charles
90%
6 Philip
90%
1 Juan Carlos
89%
2 Isabella
79%
7 Ferdinand
74%
2 Alfonso
64%
1 Louis
63%
1 Joseph
56%
1 Amadeo
36%
1 Joanna
29%
No matching quizzes found
Score Distribution
Percent of People with Each Score
Percentile by Number Answered
Your Score History
You have not taken this quiz